000
00301nam a22001337a 4500
999
_c
535199
_d
535199
020
_a
978-9350146118
040
_c
MSOHAIL
082
_a
624.2
_b
RUC
100
_a
Xiao Rucheng
_9
29641
245
_a
Bridge Structural Systems
260
_a
s k kataria
_c
c2016
300
_a
608;p
942
_2
ddc
_c
BK